[Event "Saint Affrique op 18th"]
[Site "Saint Affrique"]
[Date "2010.07.26"]
[Round "3"]
[White "Bassier, Jerome"]
[Black "Leveque, Guillaume"]
[Result "0-1"]
[WhiteElo "2044"]
[BlackElo "1756"]
[PlyCount "73"]
[EventDate "2010.07.24"]
[EventType "swiss"]
[EventRounds "9"]
[EventCountry "FRA"]
[SourceTitle "CBM 137 Extra"]
[Source "ChessBase"]
[SourceDate "2010.09.01"]
[SourceVersion "1"]
[SourceVersionDate "2010.09.01"]
[SourceQuality "1"]

1. e4 c5 2. Nf3 d6 3. d4 cxd4 4. Nxd4 Nf6 5. Nc3 a6 6. Be2 g6 7. Be3 Bg7 8. Qd2 Nc6 9. Rd1 Bd7 10. f3 Rc8 11. g4 Ne5 12. h4 h5 13. g5 Nh7 14. Nd5 Nf8 15. Nb3 Bc6 16. c3 Nfd7 17. f4 Ng4 18. Bxg4 hxg4 19. Qe2 e6 20. Bd4 Bb5 21. Qe3 e5 22. fxe5 Bxe5 23. Bxe5 Nxe5 24. Nf6+ Kf8 25. Nd4 Qe7 26. Nxb5 axb5 27. Qb6 Rc6 28. Qxb5 Kg7 29. Kf2 Rc5 30. Qe2 Qe6 31. Kg3 Qxa2 32. Rxd6 Rxc3+ 33. Kf4 Nc6 34. Nxg4 Rb3 35. Rh2 Qa5 36. Qc4 Qc7 37. e5 0-1

[Event "Cap d'Agde Cavalier op"]
[Site "Cap d'Agde"]
[Date "2003.10.30"]
[Round "8"]
[White "Bassier, Jerome"]
[Black "Pascal Mousselard, Philippe"]
[Result "1-0"]
[WhiteElo "2096"]
[BlackElo "1940"]
[PlyCount "127"]
[EventDate "2003.10.??"]
[EventType "swiss"]
[EventRounds "9"]
[EventCountry "FRA"]
[SourceTitle "EXT 2005"]
[Source "ChessBase"]
[SourceDate "2004.11.15"]
[SourceVersion "1"]
[SourceVersionDate "2004.11.15"]
[SourceQuality "1"]

1. e4 b6 2. d4 Bb7 3. Bd3 e6 4. Bf4 Nf6 5. Nd2 d5 6. e5 Nfd7 7. Ne2 c5 8. c3 Nc6 9. 0-0 Be7 10. Re1 cxd4 11. cxd4 Nb4 12. Bb1 Ba6 13. Nf3 Rc8 14. Ng3 h5 15. Qd2 Nc6 16. a3 Na5 17. Bc2 Bc4 18. Qd1 h4 19. Nf1 g5 20. Bc1 Bxf1 21. Rxf1 a6 22. Ne1 Nb8 23. f4 g4 24. Qxg4 Kd7 25. f5 Qg8 26. Qh3 Nbc6 27. Nf3 Na7 28. Bd3 Nb3 29. Rb1 b5 30. fxe6+ fxe6 31. Be3 Nc6 32. Rbd1 Qd8 33. Qg4 Rg8 34. Bg6 Nca5 35. Rd3 Rc6 36. Bf2 Kc7 37. Nxh4 Kb7 38. Rh3 Nc4 39. Rxb3 Nd2 40. Rc3 Rxc3 41. bxc3 Nxf1 42. Kxf1 Qc8 43. Be1 Qf8+ 44. Ke2 Bxh4 45. Bxh4 Qg7 46. Qxe6 Qxg6 47. Qxd5+ Kc8 48. Qc5+ Kb7 49. Bg3 Qe4+ 50. Kd1 Rc8 51. Qe7+ Ka8 52. Qd6 Rxc3 53. Qxa6+ Kb8 54. e6+ Rc7 55. Qb6+ Ka8 56. Qxc7 Qd3+ 57. Kc1 Qxa3+ 58. Kc2 Qa2+ 59. Kd3 Qb3+ 60. Qc3 Qxe6 61. Qa5+ Kb7 62. Qxb5+ Ka7 63. Qb8+ Ka6 64. Qd6+ 1-0

[Event "Cap d'Agde Cavalier op"]
[Site "Cap d'Agde"]
[Date "2003.10.24"]
[Round "1"]
[White "Delisle, Charlotte"]
[Black "Bassier, Jerome"]
[Result "1-0"]
[WhiteElo "1870"]
[BlackElo "2096"]
[PlyCount "70"]
[EventDate "2003.10.??"]
[EventType "swiss"]
[EventRounds "9"]
[EventCountry "FRA"]
[SourceTitle "EXT 2005"]
[Source "ChessBase"]
[SourceDate "2004.11.15"]
[SourceVersion "1"]
[SourceVersionDate "2004.11.15"]
[SourceQuality "1"]

1. d4 Nf6 2. c4 g6 3. Nc3 Bg7 4. e4 d6 5. Be2 0-0 6. Nf3 c6 7. 0-0 Qc7 8. Ne1 Ne8 9. Be3 f5 10. Qd2 Nf6 11. f3 e5 12. Rc1 f4 13. Bf2 h5 14. d5 c5 15. a3 g5 16. b4 b6 17. Nd3 Bh6 18. bxc5 bxc5 19. Nb5 Qd8 20. Nxd6 Qxd6 21. Bxc5 Qc7 22. Bxf8 Bxf8 23. c5 Ne8 24. d6 Qg7 25. Qa2+ Kh8 26. Qd5 Bb7 27. Qxe5 Nf6 28. Qc3 Nc6 29. Nb4 g4 30. e5 Nd7 31. e6 Nd4 32. Bd1 gxf3 33. Rf2 Nxc5 34. Qxc5 Nxe6 35. Qxh5+ Kg8 1-0